MDQL
is popping MORE tags! Check the
thread
!
Quizzes
Events
Quiz Creation
Community
Videos
Private Events
Remove Ads
Sign In
Join for FREE
Feedback
Dark Mode
Quiz Categories
Sports
Geography
Music
Movies
Television
Just For Fun
Miscellaneous
History
Literature
Language
Science
Gaming
Entertainment
Religion
Holiday
For Kids
Quiz Lab
Recent
Popular Today
Quiz Kudos Today
Editor Picks
Curator Picks
Quizzes by...
Day
Popularity
Type
Ratings
Length
Year
Community
Subscriptions
Recent Discussions
Orange Saloon
Badges
Playlists
Quests
Create
Leaderboards
Showdown
Live 5
Trivia Bingo
Activity
Puzzle Library
Sporcle Events
Private Events
Virtual Trivia
Globe League
Become a Host
Pub Owners
SporcleCon
Opinionation
Our Games
Videos
Blog
Mobile Apps
Partnerships
Remove Ads and Go Orange
Feedback
Television
TV Characters
TV Show
Sitcom
Network
Friends
Reality Shows
Cast
South Park
Star Trek
The Simpsons
Doctor Who
Television
TV Characters
TV Show
Sitcom
Network
Friends
Reality Shows
Cast
South Park
Star Trek
The Simpsons
Doctor Who
Random Quiz
Search Sporcle
×
Quiz Lab
Quiz Lab
Television
antm
Type in answers that appear in a list
Type in answers that appear in a list
Classic
Best Score? Go Orange.
Most First Call Outs on America's Next Top Model Stats
Can you name the ANTM contestants who were called first the most time at judging?
By
KevinBabbles
5m
33 Questions
2,006 Plays
2,006 Plays
2,006 Plays
Comments
Comments
Give Quiz Kudos
Give Quiz Kudos
-
- Ratings
hide this ad
More Info
Replay
Link that replays current quiz
Next Quiz
Link to next quiz in quiz playlist
You Got
0%
They Got
Avg Score
68%
Avg Friend Score
Upgrade to see
Score Distribution
Jump to the score distribution portion of the page
Score
0/33
Timer
05:00
0
Plays Today
# of First Call Outs
Model Name
% Correct
7
Ann
95.3%
4
Nicole
86.7%
3
Eva
85.9%
4
Allison
85.8%
5
Jaslene
84.7%
7
Jourdan
83.9%
5
Anya
83.3%
4
CariDee
83.2%
4
Laura
83.1%
3
Laura
83%
4
Lisa
82.2%
3
Melrose
80.9%
5
Joanie
80.1%
5
Krista
79.9%
4
Teyona
79%
3
McKey
76.8%
3
Naima
76.6%
# of First Call Outs
Model Name
% Correct
3
Shannon
75.9%
3
Saleisha
75%
4
Amanda
74.6%
4
Molly
74.1%
3
Sophie
73.9%
3
Nik
73%
3
Chantal
72.3%
4
Keith
70.7%
3
Nyle
70.4%
3
Kahlen
69.5%
6
India
68.7%
3
Fatima
68.3%
3
Shandi
67.6%
3
Lenox
61.8%
3
Lacey
54.8%
3
Nastasia
51.5%
Quiz Playlist
Details
Report
Send in Message
Add To Playlist
More Info:
Note: Being selected as the winner counts as a first callout.
Classic:
Type in answers that appear in a list
Last Updated: Aug 24, 2017
Quiz Scoreboard
CHALLENGE
Sign Up to Join the Scoreboard
Show All
Scores
Hide
Comments
May contain spoilers
Recently Published
1-10 Letter E Words III
by El_Dandy
Language
2m
Street Fighter Characters
by Artimus82
Gaming
60s
College Basketball Coaching Resumes
by pancakes188
Sports
9m
More to Explore
Quiz From the Vault
Featured Blog Post
Where Did the Easter Bunny Come From?
hide this ad
You Might Also Like...
Tags
antm
Today's Top Quizzes in Television
Browse Television
hide this ad
Today's Top Quizzes in antm
Browse antm
Top Contributed Quizzes in Television
1
Survivor Journey Challenge
2
Adjectives in 80s TV Shows
3
5-to-1: The Simpsons Families
4
Adjectives in 00s TV Shows
5
5-to-1: Television Doctors
6
Adjectives in 10s TV Shows
7
7-to-1: TV Show Settings
8
5-to-1: Streaming Originals
9
Adjectives in 70s TV Shows
10
Survivor Seasons
Explore More
Trending Topics
NBA
Marvel
Disney
Kpop
Crossword
Harry Potter
Anime
WWE
Puzzle
NFL
Song
Pokémon
Country
Soccer
The Office
hide this ad
More By:
KevinBabbles
Quiz
Plays
Rating
Category
Featured
Created
'90s Song Title Slot Machine
57,417
4.20
Music
Aug 23, 2011
Big Brother Contestants Per Letter
5,441
4.50
Television
Sep 5, 2011
Big Brother Showmances
4,561
4.00
Television
Apr 18, 2011
Most Nominated Big Brother USA Contestants
3,420
4.86
Television
Apr 18, 2011
90s Music Slot Machine #3
2,190
3.57
Music
Feb 19, 2012
Go to Creator's Profile
Score Distribution
Quiz Creator Spotlight
KevinBabbles
Follow
Send a Message
Quizzes Created
-
Created Quiz Play Count
-
More By This Creator
Popular Quizzes Today
1
Find the US States - No Outlines Minefield
2
Find the Countries of Europe - No Outlines Minefield
3
The Countries of the World
4
Find the US States
5
Risky Map Clicking: Biggest States A-Z
6
US States
7
Popular People in 1961
8
Movies - When Are They Set?
More Television Quizzes
Match Game: Star Trek Aliens & Monsters
Curator's Pick
Trending Quizzes
Risky Map Clicking: Least Populous States A-Z
Billboard Blitz: Aretha Franklin
Famous Russians: Author or Composer?
Countries of the World: 200 Million BC
1-10 Letter G Words
Recently Updated
Leaping Animals
pecheneg
Reality TV Shows (A-Z)
bhenderson79
Rickey Henderson's Hall of Fame Teammates
pecheneg
Champions League XIs: Arsenal
pecheneg
Quick Pick: Celebrities in WWE's Hall of Fame
aduchscher
A-Z Keypad Blitz II
pecheneg
Multiple Oscar Actors
pecheneg
Mystery Phrase Blitz: Oscar 'Best Actors'
pecheneg
F. Scott Fitzgerald Novels
LTH
Pick 3 Villains
ddd62291
Trending Topics
Crossword
Anime
Disney
NBA
Harry Potter
Kpop
Marvel
Soccer
Song
Puzzle
WWE
The Office
NFL
Country
Pokémon
Your Account Isn't Verified!
In order to create a playlist on Sporcle, you need to verify the email address you used during registration. Go to your
Sporcle Settings
to finish the process.
Report this User
Report this user for behavior that violates our
Community Guidelines
.
Details:
Send Report
Go to the Sporcle.com Mobile Site →
Comments